Welcome to CU Library Online Public Access Catalogue (OPAC)

Fan the flame / (Record no. 4748)

MARC details
000 -LEADER
fixed length control field 00508pam a2200181 a 4500
001 - CONTROL NUMBER
control field 1460973
005 - DATE AND TIME OF LATEST TRANSACTION
control field 20250313111219.0
008 - FIXED-LENGTH DATA ELEMENTS--GENERAL INFORMATION
fixed length control field 860602s1986 ilu 000 0 eng
020 ## - INTERNATIONAL STANDARD BOOK NUMBER
International Standard Book Number 0802425283 (pbk.) :
Terms of availability $5.95
050 00 - LIBRARY OF CONGRESS CALL NUMBER
Classification number BV4501.2
Item number .S794 1986
082 00 - DEWEY DECIMAL CLASSIFICATION NUMBER
Classification number 248.4
Edition information 19
100 1# - MAIN ENTRY--PERSONAL NAME
Personal name Stowell, Joseph M.
245 10 - TITLE STATEMENT
Title Fan the flame /
Statement of responsibility, etc. by Joseph M. Stowell.
260 ## - PUBLICATION, DISTRIBUTION, ETC.
Place of publication, distribution, etc. Chicago :
Name of publisher, distributor, etc. Moody Press,
Date of publication, distribution, etc. c1986.
300 ## - PHYSICAL DESCRIPTION
Extent 138 p. ;
Dimensions 22 cm.
650 #0 - SUBJECT ADDED ENTRY--TOPICAL TERM
Topical term or geographic name entry element Christian life
General subdivision Baptist authors.
942 ## - ADDED ENTRY ELEMENTS (KOHA)
Source of classification or shelving scheme Library of Congress Classification
Koha item type Books
Suppress in OPAC No
999 ## -
-- 4748
-- 4748
Holdings
Withdrawn status Lost status Source of classification or shelving scheme Damaged status Not for loan Collection Home library Current library Shelving location Date acquired Total checkouts Full call number Barcode Date last seen Copy number Price effective from Koha item type
    Library of Congress Classification     Non-fiction Graduate Library (Christ Temple) Graduate Library (Christ Temple) General stacks 03/13/2025   BV 4501.2 STO GSCT00000617 03/13/2025 1 03/13/2025 Books
© 2023-2024 Copyright: Central University Libraries. All Rights Reserved | Created by: Mahone Tech Office